[Event "Let's Play Chess!"]
[Site "http://www.queenalice.com/game.php?id=498172"]
[Date "2008.11.26"]
[Round "-"]
[White "kingwasher"]
[Black "MalucoO"]
[Result "0-1"]
[WhiteElo "1215"]
[BlackElo "1897"]

1. e4 c5 2. Nf3 Nc6 3. d4 cxd4 4. Nxd4 Nf6 5. Nxc6 bxc6 6. Nc3 e6 7. Be2 d5 8.
exd5 cxd5 9. Bf4 Be7 10. O-O O-O 11. Bf3 Ba6 12. Re1 Qb6 13. Be5 Rfd8 14. Na4
Qa5 15. Nc3 Nd7 16. Bg3 Bf6 17. Qd2 Rab8 18. Bxb8 Rxb8 19. Rad1 Rxb2 20. Nxd5
Qxd2 21. Nxf6+ Nxf6 22. Rxd2 g6 0-1

[Event "Let's Play Chess!"]
[Site "http://www.queenalice.com/game.php?id=498173"]
[Date "2008.11.26"]
[Round "-"]
[White "kingwasher"]
[Black "Viper3910"]
[Result "1-0"]
[WhiteElo "1100"]
[BlackElo "1875"]

1. e4 e5 2. Nf3 Nc6 3. Bb5 Bc5 4. Bxc6 dxc6 5. O-O Qf6 6. h3 Qg6 7. Nxe5 Qxe4 8.
Re1 Bxf2+ 9. Kxf2 Qf5+ 10. Kg1 Be6 11. Qe2 O-O-O 12. d3 Rd5 13. Nc3 f6 14. Nc4
Rd7 15. Qxe6 1-0

[Event "Let's Play Chess!"]
[Site "http://www.queenalice.com/game.php?id=498174"]
[Date "2008.11.26"]
[Round "-"]
[White "kingwasher"]
[Black "Matrix"]
[Result "1-0"]
[WhiteElo "1254"]
[BlackElo "1707"]

1. e4 e5 2. Nf3 d6 3. Nc3 Nf6 4. Be2 Nc6 5. O-O a6 6. d4 exd4 7. Nxd4 Nxd4 8.
Qxd4 c5 9. Qd1 h6 10. Bf3 Be7 11. Bf4 O-O 12. Qe2 b5 13. e5 Nh5 14. Bxh5 Be6 15.
exd6 Bxd6 16. Rad1 Qf6 17. Bxd6 Rfe8 18. Qf3 Qh4 19. Bg3 Qc4 20. b3 Qb4 21. Nd5
Qa5 22. Nc7 Rac8 23. Nxe6 fxe6 24. Bxe8 Rxe8 25. Be5 Qxa2 26. Rd7 1-0

[Event "Let's Play Chess!"]
[Site "http://www.queenalice.com/game.php?id=498175"]
[Date "2008.11.26"]
[Round "-"]
[White "kingwasher"]
[Black "MalucoO"]
[Result "0-1"]
[WhiteElo "1219"]
[BlackElo "1893"]

1. e4 c5 2. Nf3 d6 3. d4 cxd4 4. Nxd4 Nc6 5. Be3 Nf6 6. Nd2 g6 7. Bb5 Bd7 8. Qe2
Bg7 9. O-O O-O 10. c3 a6 11. Nxc6 bxc6 12. Bxa6 c5 13. Bd3 Bc6 14. Kh1 Nd7 15.
a3 Qb6 16. Nc4 Qb7 17. f3 Ba4 18. Bg5 Rfe8 19. Rac1 Bb3 20. Nd2 Ba4 21. b4 cxb4
22. axb4 Ne5 23. Bb1 Rac8 0-1

[Event "Let's Play Chess!"]
[Site "http://www.queenalice.com/game.php?id=498176"]
[Date "2008.11.26"]
[Round "-"]
[White "kingwasher"]
[Black "MalucoO"]
[Result "0-1"]
[WhiteElo "1217"]
[BlackElo "1895"]

1. e4 c5 2. Nf3 b6 3. d4 cxd4 4. Nxd4 Bb7 5. Bd3 g6 6. O-O Bg7 7. c3 Nc6 8. Be3
d6 9. Bb5 Rc8 10. Qa4 Qc7 11. Qxa7 Kf8 12. Nxc6 Bxc6 13. Qxc7 Rxc7 14. Na3 Bxb5
15. Nxb5 Rc6 16. Na7 Rc7 17. Bxb6 Rb7 18. Be3 Rxb2 19. Bd4 Bxd4 20. cxd4 Nf6 21.
Rfe1 Kg7 0-1

[Event "Let's Play Chess!"]
[Site "http://www.queenalice.com/game.php?id=498177"]
[Date "2008.11.26"]
[Round "-"]
[White "kingwasher"]
[Black "MalucoO"]
[Result "0-1"]
[WhiteElo "1225"]
[BlackElo "1885"]

1. e4 c5 2. Nf3 e6 3. d4 cxd4 4. Nxd4 Nc6 5. Be3 Nf6 6. Nd2 d5 7. Nxc6 bxc6 8.
exd5 cxd5 9. c3 Be7 10. Bb5+ Bd7 11. Bxd7+ Qxd7 12. O-O O-O 13. Bd4 a5 14. Qf3
a4 15. b4 Ne8 16. Rad1 Bf6 17. Bxf6 Nxf6 18. Qg3 Qc6 19. Qf3 Rac8 20. Rc1 Qb5
21. a3 Nd7 22. Rfe1 Nb6 23. Qh5 Nc4 0-1

[Event "Let's Play Chess!"]
[Site "http://www.queenalice.com/game.php?id=498178"]
[Date "2008.11.26"]
[Round "-"]
[White "kingwasher"]
[Black "MalucoO"]
[Result "0-1"]
[WhiteElo "1227"]
[BlackElo "1883"]

1. e4 c5 2. Nf3 e6 3. d4 cxd4 4. Nxd4 Nc6 5. Be3 Nf6 6. Nd2 Be7 7. c3 O-O 8. Bd3
d5 9. Qc2 e5 10. exd5 Qxd5 11. Nxc6 Qxc6 12. O-O h6 13. Ne4 Be6 14. a3 Rac8 15.
Rad1 a6 16. Rfe1 Nd7 17. Ng3 Nc5 18. Be2 f5 19. f4 e4 20. Rd2 Bb3 21. Qb1 Qe6
22. Nf1 b5 23. Kh1 Ba2 0-1

[Event "Let's Play Chess!"]
[Site "http://www.queenalice.com/game.php?id=498179"]
[Date "2008.11.26"]
[Round "-"]
[White "kingwasher"]
[Black "MalucoO"]
[Result "0-1"]
[WhiteElo "1229"]
[BlackElo "1881"]

1. e4 e5 2. Nf3 Nc6 3. Bb5 a6 4. Ba4 Nf6 5. O-O Be7 6. Re1 b5 7. Bb3 O-O 8. c3
d5 9. exd5 Nxd5 10. Nxe5 Nxe5 11. Rxe5 c6 12. d4 Bd6 13. Re1 Qh4 14. g3 Qh3 15.
Re4 g5 16. Bxg5 Qf5 17. Bxd5 cxd5 18. Bf4 Qxe4 19. Bxd6 Re8 20. Nd2 Qg6 21. Be5
Bf5 22. Qf3 f6 23. Bf4 Be4 0-1

[Event "Let's Play Chess!"]
[Site "http://www.queenalice.com/game.php?id=498180"]
[Date "2008.11.26"]
[Round "-"]
[White "kingwasher"]
[Black "MalucoO"]
[Result "1-0"]
[WhiteElo "1254"]
[BlackElo "2017"]

1. e4 c5 2. Nf3 g6 3. c3 Bg7 4. d4 e6 5. Bd3 d5 6. exd5 exd5 7. dxc5 Ne7 8. O-O
O-O 9. Qc2 Nbc6 10. a3 a5 11. Bg5 h6 12. Bh4 g5 13. Bg3 f5 14. Bd6 Rf7 15. Nbd2
Ng6 16. Rae1 d4 17. Nxd4 Kh8 18. Nxf5 Nge5 19. Nxg7 Nxd3 20. Re8+ 1-0

[Event "Let's Play Chess!"]
[Site "http://www.queenalice.com/game.php?id=498181"]
[Date "2008.11.26"]
[Round "-"]
[White "kingwasher"]
[Black "iliov2008"]
[Result "1-0"]
[WhiteElo "1277"]
[BlackElo "1393"]

1. e4 e6 2. d4 Nf6 3. Bd3 Bb4+ 4. c3 Ba5 5. Nf3 Nc6 6. b4 Bb6 7. O-O d5 8. Nbd2
dxe4 9. Nxe4 Ng4 10. h3 f5 11. hxg4 fxe4 12. Bxe4 Rf8 13. Bxh7 Qf6 14. Bg5 Qf7
15. Qd3 Kd7 16. b5 Na5 17. Ne5+ Kd6 18. Nxf7+ Rxf7 19. c4 Rd7 20. Qg3+ e5 21.
Qxe5# 1-0

[Event "Let's Play Chess!"]
[Site "http://www.queenalice.com/game.php?id=498182"]
[Date "2008.11.26"]
[Round "-"]
[White "kingwasher"]
[Black "MalucoO"]
[Result "0-1"]
[WhiteElo "1380"]
[BlackElo "1991"]

1. e4 c5 2. Nf3 e6 3. c3 d5 4. exd5 exd5 5. Bb5+ Bd7 6. Qe2+ Be7 7. Ne5 Nf6 8.
Nxd7 Nbxd7 9. O-O O-O 10. d3 h6 11. Re1 Bd6 12. Qf3 a6 13. Ba4 b5 14. Bb3 c4 15.
Bc2 Qc7 16. h3 Rae8 17. Rxe8 Rxe8 18. dxc4 Re1# 0-1

[Event "Let's Play Chess!"]
[Site "http://www.queenalice.com/game.php?id=512185"]
[Date "2008.12.24"]
[Round "-"]
[White "kingwasher"]
[Black "alterego"]
[Result "0-1"]
[WhiteElo "1207"]
[BlackElo "1779"]

1. e4 c5 2. Nf3 Nc6 3. c3 d6 4. Bb5 Qc7 5. O-O Bg4 6. d4 Qb6 7. Bxc6+ Qxc6 8. d5
Qd7 9. Bf4 e5 10. Bc1 Nf6 11. Re1 Be7 12. Nbd2 b5 13. Qc2 O-O 0-1

[Event "Let's Play Chess!"]
[Site "http://www.queenalice.com/game.php?id=512218"]
[Date "2008.12.25"]
[Round "-"]
[White "kingwasher"]
[Black "JBLOKO"]
[Result "0-1"]
[WhiteElo "1238"]
[BlackElo "1508"]

1. e4 Nf6 2. Nc3 e5 3. Nf3 d6 4. Be2 d5 5. exd5 Bc5 6. d4 exd4 7. Nxd4 Nxd5 8.
Nxd5 Qxd5 9. Nf3 Qf5 10. O-O Qg6 11. Re1 O-O 12. Bd3 f5 0-1